| 000 | 00537nam a2200193Ia 4500 | ||
|---|---|---|---|
| 005 | 20250317125221.0 | ||
| 008 | 008 250317s9999 xx 000 0 eng d | ||
| 020 | _a81-7014-607-0 | ||
| 037 | _aTextbook | ||
| 040 |
_aFMSL _beng _cFMSL |
||
| 041 |
_aeng _2eng |
||
| 084 |
_aX62:(Zz) P0 _qFMSL |
||
| 100 | _aVarshney P N | ||
| 245 | 0 | _aBanking law and practice | |
| 260 |
_aNew Delhi _bNew Delhi, Sultan Chand & Sons _c1999 |
||
| 300 | _av | ||
| 942 |
_cTB _hX62:(Zz) P0 |
||
| 999 |
_c1258511 _d1258511 |
||